[Efektívna práca v online vzdelávacom prostredí LMS Moodle - vybrané kapitoly]
Recenzia na publikáciu, ktorej cieľom bolo vypracovať koncepciu efektívneho vzdelávacieho modelu pre e-learningovú formu výučby predmetu tovaroznalectvo.
Gespeichert in:
| 1. Verfasser: | |
|---|---|
| Format: | Buchkapitel |
| Sprache: | Slowakisch |
| Schlagworte: | |
| Tags: |
Keine Tags, Fügen Sie das erste Tag hinzu!
|
MARC
| LEADER | 00000naa a2200000 4500 | ||
|---|---|---|---|
| 001 | 0173938 | ||
| 005 | 20240502072951.0 | ||
| 041 | 0 | |a slo | |
| 044 | |a SK | ||
| 245 | 1 | 0 | |a [Efektívna práca v online vzdelávacom prostredí LMS Moodle - vybrané kapitoly] |c Alica Lacková |
| 520 | |a Recenzia na publikáciu, ktorej cieľom bolo vypracovať koncepciu efektívneho vzdelávacieho modelu pre e-learningovú formu výučby predmetu tovaroznalectvo. | ||
| 610 | 2 | 0 | |a recenzie |
| 610 | 2 | 0 | |a tovaroznalectvo |
| 610 | 2 | 0 | |a technológie informačné |
| 610 | 2 | 0 | |a technológie komunikačné |
| 610 | 2 | 0 | |a vzdelávanie elektronické |
| 610 | 2 | 0 | |a výučba vedecká |
| 100 | 1 | |a Lacková, Alica | |